| 000 | 00317nam a22001097a 4500 | ||
|---|---|---|---|
| 008 | 170123b xxu||||| |||| 00| 0 eng d | ||
| 020 | _a9780781777766 | ||
| 041 | _aeng | ||
| 080 |
_25TH _a618.2 |
||
| 245 |
_aMATERNAL & CHILD HEALTH NURSNG: CARE OF THE CHILDBEARING & CHILDREARING FAMILY _cPILLITTERI, A |
||
| 942 |
_2udc _cBK |
||
| 999 |
_c3387 _d3387 |
||